Finančná gramotnosť ako indikátor kvality na ekonomicky zameraných vysokých školách

Saved in:
Bibliographic Details
Main Author: Čonková, Monika, 1976-
Format: Book Chapter
Language:English
Subjects:
Tags: Add Tag
No Tags, Be the first to tag this record!

MARC

LEADER 00000naa$a2200000$$$4500
001 0182858
005 20240502073128.1
041 0 |a eng 
044 |a SK 
245 1 0 |a Finančná gramotnosť ako indikátor kvality na ekonomicky zameraných vysokých školách  |c Monika Čonková 
500 |a Abstrakt 
610 2 0 |a školstvo 
610 2 0 |a školy vysoké 
610 2 0 |a kvalita vzdelávania 
610 2 0 |a gramotnosť finančná 
610 2 0 |a ekonómia 
100 1 |a Čonková, Monika, 1976-